| 000 | 00378 a2200133 4500 | ||
|---|---|---|---|
| 005 | 20250613085648.0 | ||
| 020 | _a0-672-32063-0 | ||
| 082 | _aLECT 658.404 BUR | ||
| 100 | _aBURLTON, R. T. | ||
| 245 | _aBusiness Process Management : Profiting from Process. | ||
| 260 |
_aIndianapolis, _bSams, _c2001. |
||
| 300 |
_axiii, 398p.: ill.; figure, table _bIndex _c22cm. |
||
| 942 |
_2ddc _cBKS |
||
| 999 |
_c3953 _d3953 |
||